[Event "Vilnius Zavanelli Memorial op-B"]
[Site "Vilnius"]
[Date "2018.10.27"]
[Round "5"]
[White "Vaitonis, Vytautas"]
[Black "Grigaliunas, Sigitas"]
[Result "0-1"]
[WhiteElo "1818"]
[BlackElo "2101"]
[PlyCount "92"]
[EventDate "2018.10.25"]
[EventType "swiss"]
[EventRounds "7"]
[EventCountry "LTU"]
[SourceTitle "EXT 2021"]
[Source "ChessBase"]
[SourceDate "2020.10.23"]
[SourceVersion "1"]
[SourceVersionDate "2020.10.23"]
[SourceQuality "1"]

1. d4 e6 2. Nf3 f5 3. g3 b6 4. Bg2 Bb7 5. 0-0 Nf6 6. c4 Be7 7. Nc3 0-0 8. Bf4 Nh5 9. Bd2 d6 10. Ne1 Bxg2 11. Nxg2 g5 12. e4 Ng7 13. f3 Bf6 14. Ne2 Qe8 15. Bc3 Nd7 16. g4 f4 17. Ne1 Rd8 18. Nd3 h5 19. h3 Rf7 20. Kf2 Nf8 21. Ne1 Ng6 22. Ng2 Kh7 23. Qc2 Kh6 24. Rh1 h4 25. Rhd1 Qc6 26. Qb3 Rb8 27. a4 a6 28. Rac1 Qa8 29. Qc2 c6 30. b4 d5 31. e5 Bd8 32. c5 a5 33. cxb6 Bxb6 34. Kf1 Rfb7 35. Qd2 axb4 36. Bxb4 Qxa4 37. Ra1 Qb5 38. Bd6 Bc7 39. Bxc7 Rxc7 40. Qd3 c5 41. Qxb5 Rxb5 42. Ra6 c4 43. Nc3 Rb2 44. Rda1 Rc2 45. R1a3 Rb7 46. Ne1 Rd2 0-1

[Event "Vilnius Zavanelli Memorial op-B"]
[Site "Vilnius"]
[Date "2018.10.26"]
[Round "3"]
[White "Vaitonis, Vytautas"]
[Black "Eigminas, Kipras"]
[Result "0-1"]
[WhiteElo "1818"]
[BlackElo "2016"]
[PlyCount "76"]
[EventDate "2018.10.25"]
[EventType "swiss"]
[EventRounds "7"]
[EventCountry "LTU"]
[SourceTitle "CBM 187 Extra"]
[Source "ChessBase"]
[SourceDate "2018.11.04"]
[SourceVersion "1"]
[SourceVersionDate "2018.11.04"]
[SourceQuality "1"]

1. d4 Nf6 2. c4 c5 3. d5 e6 4. Nc3 exd5 5. cxd5 d6 6. e4 g6 7. Nf3 Bg7 8. Be2 a6 9. a4 Bg4 10. 0-0 0-0 11. h3 Bxf3 12. Bxf3 Nbd7 13. Bf4 Qc7 14. a5 Rfe8 15. Re1 Ne5 16. Be2 Nfd7 17. Be3 Nf8 18. f4 Ned7 19. Bf3 b5 20. e5 Rab8 21. Ne4 dxe5 22. Rc1 exf4 23. Bxc5 Nxc5 24. Rxc5 Qxa5 25. Kh2 Nd7 26. Rc1 Bxb2 27. Rb1 Bg7 28. Rf1 Ne5 29. Be2 Nc4 30. Bxc4 Rxe4 31. Bb3 Rd4 32. Qc2 Qd8 33. Qa2 Qd6 34. Kh1 Ra8 35. Rbc1 a5 36. Qe2 a4 37. Ba2 b4 38. Rc6 Qd8 0-1

[Event "LTU-ch sf"]
[Site "Klaipeda"]
[Date "2018.10.07"]
[Round "5"]
[White "Pidluznij, Gleb"]
[Black "Vaitonis, Vytautas"]
[Result "1-0"]
[WhiteElo "1878"]
[BlackElo "1818"]
[PlyCount "57"]
[EventDate "2018.09.23"]
[EventType "swiss"]
[EventRounds "9"]
[EventCountry "LTU"]
[SourceTitle "CBM 187 Extra"]
[Source "ChessBase"]
[SourceDate "2018.11.04"]
[SourceVersion "1"]
[SourceVersionDate "2018.11.04"]
[SourceQuality "1"]

1. d4 Nf6 2. c4 g6 3. Nc3 d5 4. cxd5 Nxd5 5. Na4 Bg7 6. e4 Nb6 7. Be3 0-0 8. Nf3 Nc6 9. Be2 Bg4 10. e5 Nd5 11. Nc5 b6 12. Ne4 Nxe3 13. fxe3 Bc8 14. Qa4 Nb8 15. 0-0 Bb7 16. Nc3 e6 17. Rad1 Qe7 18. Bd3 Rd8 19. Be4 Bd5 20. Bxd5 exd5 21. e4 dxe4 22. Nxe4 h6 23. Qc4 a5 24. a3 Na6 25. g3 Rf8 26. Nh4 Kh7 27. Nf6+ Bxf6 28. Rxf6 Kg7 29. Qc2 1-0

[Event "Klaipeda Sea op-A 15th"]
[Site "Klaipeda"]
[Date "2018.07.28"]
[Round "6"]
[White "Vaitonis, Vytautas"]
[Black "Barsciauskas, Gintautas"]
[Result "0-1"]
[WhiteElo "1830"]
[BlackElo "1601"]
[PlyCount "69"]
[EventDate "2018.07.23"]
[EventType "swiss"]
[EventRounds "7"]
[EventCountry "LTU"]
[SourceTitle "CBM 186 Extra"]
[Source "ChessBase"]
[SourceDate "2018.08.24"]
[SourceVersion "1"]
[SourceVersionDate "2018.08.24"]
[SourceQuality "1"]

1. d4 Nf6 2. Nf3 e6 3. c4 b6 4. Nc3 Bb7 5. a3 Ne4 6. e3 f5 7. Bd3 Nxc3 8. bxc3 Be7 9. Qe2 c5 10. e4 0-0 11. 0-0 Na6 12. d5 Nc7 13. exf5 exf5 14. Qc2 g6 15. Bh6 Re8 16. g4 Bf8 17. Bxf8 Rxf8 18. gxf5 Qf6 19. Rae1 Rae8 20. Rxe8 Nxe8 21. Re1 Ng7 22. Re3 Nxf5 23. Bxf5 Qxf5 24. Qxf5 Rxf5 25. Ne5 Bc8 26. Re4 Kg7 27. f4 Rf8 28. Nf3 h6 29. h3 d6 30. Kf2 Bf5 31. Re7+ Rf7 32. Rxf7+ Kxf7 33. Ke3 Kf6 34. Nd2 Bc2 35. Ne4+ 0-1

[Event "LTU-chT"]
[Site "Lithuania"]
[Date "2018.04.15"]
[Round "7.2"]
[White "Vaitonis, Vytautas"]
[Black "Pakalniskis, Romas"]
[Result "1-0"]
[WhiteElo "1907"]
[BlackElo "1735"]
[PlyCount "69"]
[EventDate "2018.01.27"]
[EventType "team-swiss"]
[EventRounds "7"]
[EventCountry "LTU"]
[SourceTitle "EXT 2019"]
[Source "ChessBase"]
[SourceDate "2018.10.10"]
[SourceVersion "1"]
[SourceVersionDate "2018.10.10"]
[SourceQuality "1"]
[WhiteTeam "Klaipeda Nesunaikinami"]
[BlackTeam "Vilnius LASF"]
[WhiteTeamCountry "LTU"]
[BlackTeamCountry "LTU"]

1. d4 Nf6 2. Nf3 g6 3. Bf4 Bg7 4. e3 d6 5. h3 Nc6 6. c3 0-0 7. Nbd2 a6 8. e4 Nh5 9. Bh2 e5 10. g4 Nf4 11. Bxf4 exf4 12. Bd3 b5 13. Qc2 b4 14. 0-0-0 bxc3 15. bxc3 a5 16. Rdg1 Ba6 17. h4 a4 18. h5 Bxd3 19. Qxd3 Na5 20. hxg6 hxg6 21. g5 Qe7 22. Rh4 Rfb8 23. Ne1 c5 24. Qh3 Qb7 25. Nd3 cxd4 26. c4 Nb3+ 27. axb3 axb3 28. Rh1 Kf8 29. Rh8+ Ke7 30. Rxb8 Qxb8 31. Nb1 b2+ 32. Kd2 Qb3 33. Nxf4 Qb4+ 34. Ke2 Qxc4+ 35. Qd3 1-0

[Event "LTU-ch"]
[Site "Kaunas"]
[Date "2018.03.07"]
[Round "8"]
[White "Vaitonis, Vytautas"]
[Black "Kaunas, Kestutis"]
[Result "0-1"]
[WhiteElo "1907"]
[BlackElo "2157"]
[PlyCount "40"]
[EventDate "2018.03.02"]
[EventType "swiss"]
[EventRounds "9"]
[EventCountry "LTU"]
[SourceTitle "CBM 183 Extra"]
[Source "ChessBase"]
[SourceDate "2018.04.19"]
[SourceVersion "1"]
[SourceVersionDate "2018.04.19"]
[SourceQuality "1"]

1. d4 d6 2. c4 e5 3. Nc3 exd4 4. Qxd4 Nc6 5. Qd2 g6 6. b3 Bg7 7. Bb2 Nf6 8. g3 0-0 9. Bg2 Re8 10. Nf3 Bf5 11. 0-0 Ne4 12. Nxe4 Bxe4 13. Rfe1 a5 14. a3 Qe7 15. Rad1 Rab8 16. Rc1 Rbd8 17. Bxg7 Kxg7 18. Qc3+ Qf6 19. Qxf6+ Kxf6 20. e3 d5 0-1

[Event "LTU-ch"]
[Site "Kaunas"]
[Date "2018.03.04"]
[Round "5"]
[White "Aleknavicius, Andrius"]
[Black "Vaitonis, Vytautas"]
[Result "1/2-1/2"]
[WhiteElo "1750"]
[BlackElo "1907"]
[PlyCount "37"]
[EventDate "2018.03.02"]
[EventType "swiss"]
[EventRounds "9"]
[EventCountry "LTU"]
[SourceTitle "CBM 183 Extra"]
[Source "ChessBase"]
[SourceDate "2018.04.19"]
[SourceVersion "1"]
[SourceVersionDate "2018.04.19"]
[SourceQuality "1"]

1. d4 d5 2. Bf4 Nf6 3. e3 c5 4. c3 e6 5. Nf3 Nc6 6. Nbd2 Be7 7. Ne5 0-0 8. Bd3 Bd7 9. h4 Be8 10. Ndf3 Ne4 11. Qb1 f6 12. Nxc6 Bxc6 13. Nd2 cxd4 14. exd4 e5 15. Be3 exd4 16. Bxd4 Bd6 17. Nxe4 dxe4 18. Bc4+ Kh8 19. Qc2 1/2-1/2

[Event "LTU-ch"]
[Site "Kaunas"]
[Date "2018.03.04"]
[Round "4"]
[White "Vaitonis, Vytautas"]
[Black "Daudaravicius, Adomas"]
[Result "1-0"]
[WhiteElo "1907"]
[BlackElo "1424"]
[PlyCount "47"]
[EventDate "2018.03.02"]
[EventType "swiss"]
[EventRounds "9"]
[EventCountry "LTU"]
[SourceTitle "CBM 183 Extra"]
[Source "ChessBase"]
[SourceDate "2018.04.19"]
[SourceVersion "1"]
[SourceVersionDate "2018.04.19"]
[SourceQuality "1"]

1. c4 Nf6 2. Nc3 d5 3. cxd5 Nxd5 4. d4 g6 5. g3 Bg7 6. Bg2 c6 7. Nf3 0-0 8. 0-0 Qb6 9. e4 Nxc3 10. bxc3 Rd8 11. Bg5 f6 12. Rb1 Qa5 13. Qb3+ Kf8 14. Be3 Nd7 15. Rfd1 b6 16. e5 Bb7 17. e6 Nb8 18. Nd2 Na6 19. c4 Nc7 20. c5 b5 21. a4 Rab8 22. axb5 Qxb5 23. Qc2 Qa6 24. Ra1 1-0

[Event "Klaipeda-ch"]
[Site "Klaipeda"]
[Date "2018.02.10"]
[Round "6"]
[White "Vaitonis, Vytautas"]
[Black "Pidluznij, Gleb"]
[Result "1-0"]
[WhiteElo "1907"]
[BlackElo "1756"]
[PlyCount "77"]
[EventDate "2018.01.14"]
[EventType "tourn"]
[EventRounds "11"]
[EventCountry "LTU"]
[SourceTitle "EXT 2019"]
[Source "ChessBase"]
[SourceDate "2018.10.10"]
[SourceVersion "1"]
[SourceVersionDate "2018.10.10"]
[SourceQuality "1"]

1. c4 e5 2. e3 Nf6 3. a3 d5 4. cxd5 Nxd5 5. Qc2 Nc6 6. Nf3 f6 7. b4 Be7 8. Bb2 a6 9. Bc4 Be6 10. 0-0 Qd7 11. d4 exd4 12. Bxd4 0-0 13. Nbd2 Nxd4 14. Nxd4 Bf7 15. Bd3 g6 16. N2b3 Rfd8 17. Rfd1 Rac8 18. Nc5 Bxc5 19. bxc5 c6 20. Rab1 Qe7 21. e4 Nf4 22. Bf1 Rd7 23. g3 Ne6 24. Nxe6 Rxd1 25. Rxd1 Bxe6 26. Rd6 b5 27. Qd2 Rc7 28. Rxe6 Qf7 29. Rd6 Qe7 30. Qd4 Kg7 31. Bh3 Qe5 32. Qxe5 fxe5 33. Rd7+ Rxd7 34. Bxd7 Kf7 35. Bxc6 Ke7 36. f4 exf4 37. gxf4 Ke6 38. Kf2 h6 39. h4 1-0

[Event "Klaipeda-ch"]
[Site "Klaipeda"]
[Date "2018.01.14"]
[Round "1"]
[White "Zozulia, Alexander"]
[Black "Vaitonis, Vytautas"]
[Result "1/2-1/2"]
[WhiteElo "2099"]
[BlackElo "1907"]
[PlyCount "70"]
[EventDate "2018.01.14"]
[EventType "tourn"]
[EventRounds "11"]
[EventCountry "LTU"]
[SourceTitle "EXT 2019"]
[Source "ChessBase"]
[SourceDate "2018.10.10"]
[SourceVersion "1"]
[SourceVersionDate "2018.10.10"]
[SourceQuality "1"]

1. e4 c5 2. Nc3 Nc6 3. g3 g6 4. d3 Bg7 5. Be3 d6 6. Qd2 Rb8 7. Bg2 b5 8. f4 b4 9. Nd1 e5 10. Nf3 Bg4 11. 0-0 exf4 12. Bxf4 h6 13. h3 Be6 14. a4 Nge7 15. Rc1 g5 16. Be3 Nd4 17. Nxd4 cxd4 18. Bf2 Qd7 19. Kh2 Ng6 20. c3 dxc3 21. bxc3 Qxa4 22. cxb4 0-0 23. Nc3 Qxb4 24. Bxa7 Rbc8 25. Nb1 Qb3 26. d4 Qb7 27. Rxc8 Rxc8 28. d5 Bd7 29. Bd4 Ne5 30. Nc3 Rc4 31. Ne2 Qc8 32. Rc1 Rxc1 33. Qxc1 Qxc1 34. Nxc1 Ng4+ 35. hxg4 Bxd4 1/2-1/2

[Event "Klaipeda-ch sf"]
[Site "Klaipeda"]
[Date "2017.10.15"]
[Round "7"]
[White "Vaitonis, Vytautas"]
[Black "Jablokov, Dmitrij"]
[Result "0-1"]
[WhiteElo "1896"]
[BlackElo "2031"]
[PlyCount "46"]
[EventDate "2017.09.17"]
[EventType "swiss"]
[EventRounds "9"]
[EventCountry "LTU"]
[SourceTitle "EXT 2019"]
[Source "ChessBase"]
[SourceDate "2018.10.10"]
[SourceVersion "1"]
[SourceVersionDate "2018.10.10"]
[SourceQuality "1"]

1. d4 e6 2. Nf3 f5 3. Nc3 d5 4. Bf4 c6 5. e3 Bd6 6. Bd3 Bxf4 7. exf4 Nf6 8. 0-0 0-0 9. Ne2 Nbd7 10. c4 Ne4 11. Qc2 Ndf6 12. c5 Bd7 13. Ne5 Ne8 14. b4 Nc7 15. a4 a6 16. g4 fxg4 17. Ng3 Be8 18. f3 gxf3 19. Rxf3 g6 20. Bxe4 dxe4 21. Qxe4 Qd5 22. Qe3 Qd8 23. Ne4 Nd5 0-1

[Event "Klaipeda-ch sf"]
[Site "Klaipeda"]
[Date "2017.09.24"]
[Round "3"]
[White "Gluchaciov, Nikolaj"]
[Black "Vaitonis, Vytautas"]
[Result "0-1"]
[WhiteElo "1764"]
[BlackElo "1896"]
[PlyCount "58"]
[EventDate "2017.09.17"]
[EventType "swiss"]
[EventRounds "9"]
[EventCountry "LTU"]
[SourceTitle "EXT 2019"]
[Source "ChessBase"]
[SourceDate "2018.10.10"]
[SourceVersion "1"]
[SourceVersionDate "2018.10.10"]
[SourceQuality "1"]

1. e4 c5 2. b4 cxb4 3. a3 bxa3 4. d4 d6 5. c3 Nf6 6. Bd3 g6 7. Ne2 Bg7 8. 0-0 0-0 9. f3 Nc6 10. g4 a6 11. Nxa3 Rb8 12. Ng3 b5 13. Nc2 Qc7 14. g5 Nd7 15. Ne3 Nb6 16. Ra2 b4 17. Nd5 Nxd5 18. exd5 b3 19. Re2 Na5 20. Bb2 Nc4 21. Bxc4 Qxc4 22. Rxe7 Qxd5 23. Qd2 Bh3 24. Rf2 Rbe8 25. Rxe8 Rxe8 26. Ne4 Rxe4 27. fxe4 Qxe4 28. Re2 Qg4+ 29. Kh1 Qf3+ 0-1

[Event "Plunge op 37th"]
[Site "Plateliai"]
[Date "2017.07.25"]
[Round "9"]
[White "Povilaitis, Tomas"]
[Black "Vaitonis, Vytautas"]
[Result "1/2-1/2"]
[WhiteElo "1720"]
[BlackElo "1926"]
[PlyCount "39"]
[EventDate "2017.07.17"]
[EventType "swiss"]
[EventRounds "9"]
[EventCountry "LTU"]
[SourceTitle "EXT 2019"]
[Source "ChessBase"]
[SourceDate "2018.10.10"]
[SourceVersion "1"]
[SourceVersionDate "2018.10.10"]
[SourceQuality "1"]

1. e4 c5 2. Nc3 Nc6 3. Bb5 Nd4 4. Bc4 e6 5. Nf3 Nf6 6. 0-0 a6 7. d3 b5 8. Bb3 Nxb3 9. axb3 b4 10. Ne2 Bb7 11. Bg5 d6 12. Ng3 Be7 13. Nd2 0-0 14. f4 d5 15. Bxf6 Bxf6 16. e5 Bh4 17. Qg4 Bxg3 18. Qxg3 f5 19. Qf2 Rc8 20. Ra4 1/2-1/2

[Event "Panevezys op-B"]
[Site "Panevezys"]
[Date "2017.07.03"]
[Round "1"]
[White "Vaitonis, Vytautas"]
[Black "Barsciauskas, Gintautas"]
[Result "1-0"]
[WhiteElo "1926"]
[BlackElo "1646"]
[PlyCount "45"]
[EventDate "2017.07.03"]
[EventType "swiss"]
[EventRounds "9"]
[EventCountry "LTU"]
[SourceTitle "EXT 2018"]
[Source "ChessBase"]
[SourceDate "2017.10.13"]
[SourceVersion "1"]
[SourceVersionDate "2017.10.13"]
[SourceQuality "1"]

1. Nf3 d5 2. d4 Nf6 3. Bf4 e6 4. e3 Bd6 5. Bd3 Bxf4 6. exf4 c5 7. c3 cxd4 8. Nxd4 Nc6 9. Nxc6 bxc6 10. 0-0 0-0 11. Nd2 Qc7 12. Qf3 a5 13. Rfe1 c5 14. g3 Bb7 15. Qe2 a4 16. Nf3 Qd6 17. Ne5 Ba6 18. Rad1 Qb6 19. c4 d4 20. g4 Qd6 21. g5 Ne8 22. Qe4 g6 23. Qxa8 1-0

[Event "Klaipeda-ch"]
[Site "Klaipeda"]
[Date "2017.03.26"]
[Round "10"]
[White "Vaitonis, Vytautas"]
[Black "Jablokov, Dmitrij"]
[Result "1/2-1/2"]
[WhiteElo "1903"]
[BlackElo "1742"]
[PlyCount "40"]
[EventDate "2017.01.22"]
[EventType "tourn"]
[EventRounds "11"]
[EventCountry "LTU"]
[SourceTitle "EXT 2019"]
[Source "ChessBase"]
[SourceDate "2018.10.10"]
[SourceVersion "1"]
[SourceVersionDate "2018.10.10"]
[SourceQuality "1"]

1. e4 c6 2. c4 d5 3. exd5 cxd5 4. d4 Nf6 5. Nc3 e6 6. Nf3 Nc6 7. a3 dxc4 8. Bxc4 Be7 9. 0-0 0-0 10. h3 a6 11. Ba2 b5 12. d5 exd5 13. Nxd5 Nxd5 14. Bxd5 Bb7 15. Be3 Re8 16. Rc1 Bf6 17. Bc5 Rc8 18. b4 Qd7 19. Bb3 Qf5 20. Qc2 Qh5 1/2-1/2